000
00274nam a2200109Ia 4500
008
220204s9999 xx 000 0 und d
082
_a
001
_b
ADD
245
0
_a
Children's book of questions and answers
260
_a
London
_b
Octopus
_c
1977
700
_a
Addison, A
942
_c
BK
999
_c
27676
_d
27676